Statistics for Parishes of Grenada with a Map

Click here to take the quiz!

General Stats

  • This quiz has been taken 513 times
  • The average score is 5 of 7

Answers on the Map

Answers color-coded by a green-red scale on the quiz's map according to % correct below.
 

Answer Stats

Parish% Correct
ParishSaint George
94%
ParishSaint John
86%
ParishSaint Andrew
85%
ParishSaint Patrick
75%
ParishSaint David
72%
ParishSaint Mark
71%
DependencyCarriacou and
Petite Martinique
64%

Score Distribution

Percentile by Number Answered

Percent of People with Each Score

Your Score History

You have not taken this quiz